| 000 | 00727nam a2200253Ia 4500 | ||
|---|---|---|---|
| 003 | OSt | ||
| 005 | 20221005081108.0 | ||
| 006 | a|||||r|||| 00| 0 | ||
| 007 | ta | ||
| 008 | 221004b |||||||| |||| 00| 0 eng d | ||
| 020 |
_a9789352666386 (hbk) _cIndian Rupees 500 |
||
| 024 | _a69815 | ||
| 037 |
_bGift, 01/11/2021, _cTextual |
||
| 040 |
_aCRL _cCRL _beng |
||
| 041 |
_2eng _aeng |
||
| 082 | _aY11:451, Q8 | ||
| 100 |
_aSatyarthi Kailash Au. _9610814 |
||
| 245 | 0 | _aEvery child matters | |
| 260 |
_aNew Delhi _bPrabhat Prakashan India _c2018 |
||
| 300 |
_a215p. _ccm. |
||
| 650 | _aSOCIOLOGY | ||
| 942 |
_hY11:451, Q8 _cTEXL _2cc |
||
| 999 |
_c987154 _d987154 |
||